| 000 | 00891nas a2200301 4500 | ||
|---|---|---|---|
| 001 | BR2013007978 | ||
| 003 | BR-BrBNA | ||
| 005 | 20231205123029.0 | ||
| 007 | ta | ||
| 008 | 230509b bl.|||p| |||| 00| 00por d | ||
| 040 |
_aBR-BrBNA _bpor _cBiblioteca Nacional de Agricultura |
||
| 041 | _a(Pt) | ||
| 072 | _aL74 | ||
| 100 | 1 | _aPrazeres, R.F. | |
| 100 | 1 | _aBiasi, C. | |
| 100 | 1 | _aCastro, M.F. de S. | |
| 100 | 1 | _aFarias, M.R. de | |
| 100 | 1 | _aPachaly, J.R. | |
| 245 | 1 | _aFarmacodermia em um cão da raça Pug após administração tópoca de selamectina - relato de caso | |
| 650 | _aCÃO | ||
| 650 | _aDISTÚRBIO FISIOLÓGICO | ||
| 650 | _aALERGIA | ||
| 650 | _aDIAGNÓSTICO | ||
| 650 | _aMEDICAMENTO | ||
| 773 | 0 |
_tMedvep Dermato (Brazil) _xISSN 2237-2768 _g(2012), v. 2(5) p. 262-266 _wBR2013007978 |
|
| 909 |
_a202311 _bLúcia _c55 _dLúcia Elande |
||
| 942 |
_2AGRIS _n0 _cANA |
||
| 999 |
_c231852 _d231852 |
||